书目信息 |
| 题名: |
红色记忆·沙县
|
|
| 作者: | 徐勇进 主编 ;中共沙县县委党史和地方志研究室 编 | |
| 分册: | ||
| 出版信息: | 厦门 鹭江出版社 2019 |
|
| 页数: | 100页 | |
| 开本: | 24cm | |
| 丛书名: | ||
| 单 册: | ||
| 中图分类: | K295.74 | |
| 科图分类: | ||
| 主题词: | 革命史--沙县--史料 | |
| 电子资源: | ||
| ISBN: | 978-7-5459-1682-9 | |
| 000 | 00905nam0 2200229 450 | |
| 001 | 2434329332 | |
| 005 | 20240908093221.51 | |
| 010 | @a978-7-5459-1682-9@dCNY26.00 | |
| 100 | @a20200115d2019 em y0chiy0120 ea | |
| 101 | 0 | @achi |
| 102 | @aCN@b350000 | |
| 105 | @aab z 000yy | |
| 200 | 1 | @a红色记忆·沙县@9hong se ji yi · sha xian@b专著@f徐勇进主编@g中共沙县县委党史和地方志研究室编 |
| 210 | @a厦门@c鹭江出版社@d2019 | |
| 215 | @a100页@c地图,图,照片@d24cm | |
| 330 | @a本书以故事的形式,从五个方面描写了沙县人民在中国共产党的领导下,为人民翻身解放事业作出贡献的红色历史,展现了革命先辈用鲜血和生命捍卫真理的革命精神。 | |
| 606 | 0 | @a革命史@y沙县@j史料 |
| 690 | @aK295.74@v5 | |
| 701 | 0 | @a徐勇进@9xu yong jin@4主编 |
| 712 | 02 | @a中共沙县县委党史和地方志研究室@9zhong gong sha xian xian wei dang shi he di fang zhi yan jiu shi@4编 |
| 801 | 2 | @aCN@b58marc.cn@c20200604 |
| 905 | @aZUCC@dK295.74@e1 | |
| 红色记忆·沙县/徐勇进主编/中共沙县县委党史和地方志研究室编.-厦门:鹭江出版社,2019 |
| 100页:地图,图,照片;24cm |
| ISBN 978-7-5459-1682-9:CNY26.00 |
| 本书以故事的形式,从五个方面描写了沙县人民在中国共产党的领导下,为人民翻身解放事业作出贡献的红色历史,展现了革命先辈用鲜血和生命捍卫真理的革命精神。 |
| ● |
| 相关链接 |
|
|
|
正题名:红色记忆·沙县
索取号:K295.74/1
 
预约/预借
| 序号 | 登录号 | 条形码 | 馆藏地/架位号 | 状态 | 备注 |
| 1 | 2001764209 | 2001764209 | 培训中心一楼图书角/四24架A面2层1列/ [索取号:K295.74/1] | 在馆 | |
| 2 | 2001764210 | 2001764210 | 培训中心一楼图书角/四24架A面2层1列/ [索取号:K295.74/1] | 在馆 | |
| 3 | 2001764211 | 2001764211 | 第四书库/四24架A面2层1列/ [索取号:K295.74/1] | 在馆 | |
| 4 | 2001764212 | 2001764212 | 第四书库/四24架A面2层1列/ [索取号:K295.74/1] | 在馆 | |
| 5 | 2001764213 | 2001764213 | 第四书库/四24架A面2层1列/ [索取号:K295.74/1] | 在馆 | |
| 6 | 2001764214 | 2001764214 | 培训中心一楼图书角/四24架A面2层1列/ [索取号:K295.74/1] | 在馆 |